Statistics for taylor swift we are never ever getting back together

Click here to take the quiz!

General Stats

  • This quiz has been taken 126 times
  • The average score is 21 of 35

Answer Stats

Hint Answer % Correct
to me but we are never ever ever evergetting back together
88%
but oohhh this time im telling you im telling you we are never ever ever evergetting back together
88%
we are never ever evergetting back together
88%
but we are never ever evergetting back together
88%
we are never ever ever evergetting back together
88%
cause like we havent seen eachotherin a month
83%
you go talk to your friends talk to myfriends talk
82%
getting back together you go talk to yourfriends talk
82%
i remember when webroke up the first time
81%
ooohh we called off againlast night
78%
when you said youneeded space what
78%
i swear im gunna change, remember how thatlasted for a day
74%
seeing this is itive had enough
74%
i say i hate you we break upyou call me i love you
71%
and i used to think that we were foreverever ever
69%
we are never everever ever
69%
then you comearound again
68%
and saybaby i miss you
68%
im really gunna miss youpicking fights
56%
we are never ever ever ever getting back together you go talk to your friends tak to my friendstalk to me
51%
we are never ever ever ever getting back together you go talk to your friends talk to my friendstalk to me
51%
and find your piece of mind with someindie record
48%
to me but we arenever ever ever ever
46%
but oohhh this time im telling you imtelling you
45%
and mefalling for it screaming
42%
huh he calls me up and hes likei still love you
38%
we are never ever ever gettingback together
38%
and i used to saynever say never
37%
we are never betting back togetherlike ever
37%
getting back together(x2)like ever
37%
thats much cooler than mine oohhh you call me upagain tonight
36%
that im right and you gohide away
35%
we are never ever ever getting backtogether
33%
im mean this is exhaustingyou know
24%
to myfreiends talk
0%

Score Distribution

Percentile by Number Answered

Percent of People with Each Score

Your Score History

You have not taken this quiz